Concise biographical dictionary /

Bibliographic Details
Main Author: Fitzhugh, Harriet Lloyd
Other Authors: Fitzhugh, Percy Keese, 1876-1950
Format: Book
Language:English
Published: New York : Grosset & Dunlap, [1935]
Subjects:

MARC

Tag First Indicator Second Indicator Subfields
LEADER 00000cam a2200000 4500
001 in00000013970
005 20151007052117.0
008 770302s1935 nyu d 00110ceng
010 |a  35021546  
035 |a (OCoLC)02773582 
035 |9 AAA6317AM 
040 |a DLC  |c DMM  |d TXA  |d UtOrBLW 
049 |a TXAM  |c [A12639171] 
050 0 0 |a CT103  |b .F5 
082 0 |a 920.02 
100 1 |a Fitzhugh, Harriet Lloyd. 
245 1 0 |a Concise biographical dictionary /  |c by Harriet Lloyd Fitzhugh and Percy K. Fitzhugh. 
264 1 |a New York :  |b Grosset & Dunlap,  |c [1935] 
264 4 |c [©1935] 
300 |a 777 pages ;  |c 22 cm. 
336 |a text  |b txt  |2 rdacontent 
337 |a unmediated  |b n  |2 rdamedia 
338 |a volume  |b nc  |2 rdacarrier 
500 |a Includes index. 
650 0 |a Biography  |x Dictionaries. 
700 1 |a Fitzhugh, Percy Keese,  |d 1876-1950. 
999 |a MARS 
999 f f |s 3ee6611e-6e1a-3e1e-bbb1-500f118abe43  |i d2686ebd-43b5-3838-a017-84b8dc99ce7f  |t 0 
952 f f |p ric  |a Texas A&M University  |b Rellis Campus  |c Joint Library Facility  |d Remote Storage  |t 0  |e CT103 .F5  |h Library of Congress classification  |i unmediated -- volume  |m A14812639171 
998 f f |a CT103 .F5  |t 0  |l Remote Storage